[Event "2. Bundesliga Ost 2012/2013"]
[Site "6.+7.10., 17.+18.11., 1.12., 2.+3.2., 9.+10.3., 6.
[Date "2013.02.03"]
[Round "7"]
[Board "3"]
[White "Vyskocil, Neklan"]
[Black "Michalik, Peter"]
[Result "0-1"]
[WhiteElo "2368"]
[BlackElo "2508"]
[PlyCount "112"]
[EventDate "2012.10.06"]
[EventType "team"]
[EventRounds "11"]
[EventCountry "AUT"]
[WhiteTeam "Zwettl 2"]
[BlackTeam "ASVOE Pamhagen"]

1. Nf3 Nf6 2. g3 b5 3. Bg2 Bb7 4. O-O e6 5. d3 d5 6. c4 a6 7. cxd5 exd5 8. d4
Bd6 9. Nbd2 Nbd7 10. Nb3 a5 11. Bd2 c6 12. Rc1 O-O 13. Nc5 Nxc5 14. dxc5 Be7
15. Be3 Re8 16. Bd4 Nd7 17. Qd2 Nf8 18. Be3 Ne6 19. Nd4 Nxd4 20. Bxd4 Bg5 21.
e3 Bc8 22. a3 a4 23. Qc3 Bh6 24. h3 f5 25. f4 Qa5 26. Qb4 g6 27. Rc3 Bg7 28.
Kf2 Ra7 29. Qxa5 Rxa5 30. Bxg7 Kxg7 31. Rd1 Be6 32. Rd4 Rb8 33. Bf1 Ra7 34. Be2
Kf6 35. Rb4 h6 36. Rd3 Rg8 37. Rc3 Rag7 38. Rd4 g5 39. Rcd3 h5 40. Bf1 Ke7 41.
b3 axb3 42. Rxb3 h4 43. gxh4 gxh4 44. a4 bxa4 45. Rxa4 d4 46. Ra7+ Kf6 47. Rxg7
Rxg7 48. Rd3 dxe3+ 49. Rxe3 Bd5 50. Re8 Rg3 51. Re3 Rg8 52. Re5 Rb8 53. Bd3
Rb2+ 54. Re2 Rb3 55. Ke3 Be4 56. Rd2 Ke6 0-1

[Event "2. Bundesliga Ost 2012/2013"]
[Site "6.+7.10., 17.+18.11., 1.12., 2.+3.2., 9.+10.3., 6.
[Date "2013.02.03"]
[Round "7"]
[Board "4"]
[White "Lipka, Juraj"]
[Black "Buchnicek, Petr"]
[Result "1-0"]
[WhiteElo "2441"]
[BlackElo "2352"]
[PlyCount "55"]
[EventDate "2012.10.06"]
[EventType "team"]
[EventRounds "11"]
[EventCountry "AUT"]
[WhiteTeam "ASVOE Pamhagen"]
[BlackTeam "Zwettl 2"]

1. Nf3 d5 2. g3 c6 3. Bg2 Nf6 4. O-O Bg4 5. d3 Nbd7 6. c4 e6 7. cxd5 cxd5 8. h3
Bh5 9. Nc3 a6 10. e4 d4 11. Ne2 Bxf3 12. Bxf3 e5 13. Bg2 Bd6 14. f4 O-O 15. g4
h6 16. g5 hxg5 17. fxg5 Nh7 18. h4 g6 19. Ng3 Kh8 20. Bh3 f6 21. h5 Nxg5 22.
hxg6 Nxh3+ 23. Kg2 Kg7 24. Bh6+ Kg8 25. Qh5 f5 26. Qxh3 f4 27. Qe6+ Kh8 28. Rh1
1-0

[Event "2. Bundesliga Ost 2012/2013"]
[Site "6.+7.10., 17.+18.11., 1.12., 2.+3.2., 9.+10.3., 6.
[Date "2013.02.03"]
[Round "7"]
[Board "5"]
[White "Stadler, Peter"]
[Black "Vitouch, Anatol"]
[Result "1/2-1/2"]
[WhiteElo "2129"]
[BlackElo "2338"]
[PlyCount "66"]
[EventDate "2012.10.06"]
[EventType "team"]
[EventRounds "11"]
[EventCountry "AUT"]
[WhiteTeam "Zwettl 2"]
[BlackTeam "ASVOE Pamhagen"]

1. d4 e6 2. g3 f5 3. Bg2 Nf6 4. Nd2 d5 5. Nh3 Bd6 6. Nf3 O-O 7. Bf4 b6 8. O-O
Bb7 9. Bxd6 cxd6 10. Rc1 Qe7 11. Nd2 Nc6 12. e3 b5 13. a3 Na5 14. Qe2 Nc4 15.
Nb1 a6 16. b3 Nb6 17. Nd2 Rac8 18. c4 dxc4 19. Bxb7 Qxb7 20. bxc4 Nxc4 21. Nxc4
bxc4 22. Rxc4 Qb5 23. Rc2 Qxe2 24. Rxe2 Rc3 25. Rb2 Rxa3 26. Rc1 e5 27. Rb7 Nd5
28. dxe5 dxe5 29. Rc5 Rd3 30. Ng5 Re8 31. e4 fxe4 32. Nxe4 Rf8 33. Ra5 Nf6
1/2-1/2

[Event "2. Bundesliga Ost 2012/2013"]
[Site "6.+7.10., 17.+18.11., 1.12., 2.+3.2., 9.+10.3., 6.
[Date "2013.02.03"]
[Round "7"]
[Board "6"]
[White "Hangweyrer, Manfred"]
[Black "Lipp, Alfred"]
[Result "1-0"]
[WhiteElo "2367"]
[BlackElo "2132"]
[PlyCount "99"]
[EventDate "2012.10.06"]
[EventType "team"]
[EventRounds "11"]
[EventCountry "AUT"]
[WhiteTeam "ASVOE Pamhagen"]
[BlackTeam "Zwettl 2"]

1. Nf3 c5 2. e4 d6 3. Bb5+ Bd7 4. c4 a6 5. Bxd7+ Qxd7 6. O-O Nc6 7. d4 cxd4 8.
Nxd4 g6 9. Nc3 Bg7 10. Be3 Nf6 11. f3 O-O 12. a4 Rfc8 13. b3 Qd8 14. Rb1 Nd7
15. Nde2 Rab8 16. Qd2 Qa5 17. Rfd1 Qb4 18. Qc2 Nc5 19. Nd5 Qa5 20. b4 Qxa4 21.
Qxa4 Nxa4 22. b5 Kf8 23. bxc6 bxc6 24. Nb6 Nxb6 25. Bxb6 c5 26. Ba5 Ke8 27. Nc3
Bd4+ 28. Kf1 e6 29. Ne2 Kd7 30. Rxb8 Rxb8 31. Nxd4 cxd4 32. Rxd4 Kc6 33. Ke2 h5
34. Rd2 Rb3 35. Ra2 Kc5 36. Bd2 Kb6 37. Be3+ Kb7 38. Bd4 f5 39. Rb2 Rxb2+ 40.
Bxb2 Kc6 41. Kd3 d5 42. cxd5+ exd5 43. exf5 gxf5 44. Kd4 Kd6 45. Bc3 Ke6 46.
Bb4 f4 47. Bd2 h4 48. Bxf4 a5 49. Bc1 a4 50. g3 1-0

[Event "2. Bundesliga Ost 2012/2013"]
[Site "6.+7.10., 17.+18.11., 1.12., 2.+3.2., 9.+10.3., 6.
[Date "2013.02.03"]
[Round "7"]
[Board "1"]
[White "Loeffler, Stefan"]
[Black "Baumegger, Siegfried"]
[Result "1-0"]
[WhiteElo "2410"]
[BlackElo "2462"]
[PlyCount "135"]
[EventDate "2012.10.06"]
[EventType "team"]
[EventRounds "11"]
[EventCountry "AUT"]
[WhiteTeam "ASVOe VHS Poechlarn"]
[BlackTeam "tschaturanga"]

1. Nf3 d6 2. d4 g6 3. c4 Bg7 4. Nc3 Bg4 5. e3 c5 6. Be2 cxd4 7. exd4 Nh6 8. Qb3
Qc8 9. c5 dxc5 10. Bxh6 Bxh6 11. Ne5 Be6 12. Bb5+ Kf8 13. d5 Qc7 14. Nxg6+ hxg6
15. dxe6 Nc6 16. exf7 Nd4 17. Qd1 Rd8 18. Be8 c4 19. O-O Bd2 20. h3 Bxc3 21.
bxc3 Nb3 22. Qxd8 Qxd8 23. axb3 cxb3 24. Rxa7 Qb6 25. Ra8 Rh5 26. Rb1 Re5 27.
Ba4+ Kxf7 28. Bxb3+ Kg7 29. Rg8+ Kh7 30. Rb8 Rb5 31. Re1 e5 32. Bc2 Rb2 33.
Rxe5 Rxc2 34. Re7+ Kh6 35. Rh8+ Kg5 36. Rf7 Rc1+ 37. Kh2 Qd6+ 38. f4+ Qxf4+ 39.
Rxf4 Kxf4 40. Rc8 b5 41. Rc5 g5 42. Rxb5 Rxc3 43. g3+ Ke4 44. Rxg5 Rc2+ 45. Kg1
Kf3 46. h4 Rb2 47. h5 Rg2+ 48. Kh1 Ra2 49. Kg1 Rg2+ 50. Kf1 Ra2 51. Ke1 Rh2 52.
Kd1 Ke3 53. g4 Kd3 54. Kc1 Kc3 55. Rc5+ Kd4 56. Rc6 Rh4 57. Rg6 Kc3 58. Kd1 Kd3
59. Ke1 Ke3 60. Kf1 Rh2 61. h6 Kf3 62. Ke1 Ke3 63. Kd1 Kd3 64. Kc1 Kc3 65. Rc6+
Kd4 66. g5 Kd3 67. Rc7 Rh5 68. h7 1-0

[Event "2. Bundesliga Ost 2012/2013"]
[Site "6.+7.10., 17.+18.11., 1.12., 2.+3.2., 9.+10.3., 6.
[Date "2013.02.03"]
[Round "7"]
[Board "2"]
[White "Srienz, Christian"]
[Black "Weinzettl, Ernst"]
[Result "1/2-1/2"]
[WhiteElo "2323"]
[BlackElo "2257"]
[PlyCount "59"]
[EventDate "2012.10.06"]
[EventType "team"]
[EventRounds "11"]
[EventCountry "AUT"]
[WhiteTeam "tschaturanga"]
[BlackTeam "ASVOe VHS Poechlarn"]

1. c4 Nf6 2. Nc3 g6 3. g3 Bg7 4. Bg2 O-O 5. d4 d6 6. Nf3 c6 7. e4 Qa5 8. O-O
Bg4 9. h3 Bxf3 10. Bxf3 e5 11. Be3 Nbd7 12. d5 cxd5 13. cxd5 Rfc8 14. Be2 a6
15. Bd3 b5 16. a3 Qd8 17. Na2 Nc5 18. f3 Nh5 19. Kg2 Qf8 20. Nb4 Bh6 21. Qe2
Bxe3 22. Qxe3 Nb3 23. Rad1 Nd4 24. Rc1 Rc5 25. Rc3 f5 26. exf5 Rxc3 27. bxc3
Nxf5 28. Bxf5 Qxf5 29. Nc6 Re8 30. Rd1 1/2-1/2

[Event "2. Bundesliga Ost 2012/2013"]
[Site "6.+7.10., 17.+18.11., 1.12., 2.+3.2., 9.+10.3., 6.
[Date "2013.02.03"]
[Round "7"]
[Board "3"]
[White "Wilke, Werner"]
[Black "Sadilek, Peter"]
[Result "1/2-1/2"]
[WhiteElo "2249"]
[BlackElo "2248"]
[PlyCount "88"]
[EventDate "2012.10.06"]
[EventType "team"]
[EventRounds "11"]
[EventCountry "AUT"]
[WhiteTeam "ASVOe VHS Poechlarn"]
[BlackTeam "tschaturanga"]

1. e4 e6 2. d4 d5 3. Nc3 Nf6 4. Bg5 Bb4 5. e5 h6 6. Bc1 Ne4 7. Qg4 g6 8. Nge2
c5 9. a3 Bxc3+ 10. Nxc3 Nxc3 11. bxc3 Qa5 12. Bd2 Qa4 13. c4 Nc6 14. dxc5 Qxc2
15. Be2 Nxe5 16. Qd4 Qe4 17. Bc3 f6 18. cxd5 exd5 19. f4 Nc6 20. Qd2 Bg4 21.
O-O Bxe2 22. Rfe1 O-O 23. Rxe2 Qc4 24. Rc1 Rae8 25. Rxe8 Rxe8 26. Bxf6 Re2 27.
Rxc4 Rxd2 28. Rc1 d4 29. Rb1 Kf7 30. Be5 d3 31. Rxb7+ Ke6 32. Rg7 Nxe5 33. fxe5
Rc2 34. c6 Kxe5 35. Rd7 Ke4 36. c7 Ke3 37. Re7+ Kd2 38. Rd7 Rc6 39. Kf2 Rf6+
40. Kg3 Rc6 41. Kf2 a5 42. a4 Kc2 43. Ke3 Rc3 44. h3 h5 1/2-1/2

[Event "2. Bundesliga Ost 2012/2013"]
[Site "6.+7.10., 17.+18.11., 1.12., 2.+3.2., 9.+10.3., 6.
[Date "2013.02.03"]
[Round "7"]
[Board "4"]
[White "Kreindl, Helmut"]
[Black "Loidl, Florian"]
[Result "1/2-1/2"]
[WhiteElo "2207"]
[BlackElo "2203"]
[PlyCount "96"]
[EventDate "2012.10.06"]
[EventType "team"]
[EventRounds "11"]
[EventCountry "AUT"]
[WhiteTeam "tschaturanga"]
[BlackTeam "ASVOe VHS Poechlarn"]

1. d4 c6 2. c4 d5 3. cxd5 cxd5 4. Nc3 Nf6 5. Bf4 Nc6 6. e3 Bf5 7. Bd3 Bxd3 8.
Qxd3 a6 9. Nf3 e6 10. O-O Bd6 11. Bxd6 Qxd6 12. a3 O-O 13. b4 Rfc8 14. Rfc1 Rc7
15. Rc2 Rac8 16. Rac1 e5 17. dxe5 Nxe5 18. Nxe5 Qxe5 19. h3 Rc6 20. Ne2 Rxc2
21. Rxc2 Qa1+ 22. Kh2 Rxc2 23. Qxc2 Qe5+ 24. g3 Qb8 25. Qf5 Qc7 26. Nf4 Qc4 27.
Qe5 h6 28. Kg2 Qc6 29. Qd4 b6 30. Ne2 Ne4 31. Qd3 Qc4 32. Nf4 Nc3 33. Qf5 a5
34. bxa5 bxa5 35. Qd7 Qe4+ 36. Kg1 Qb1+ 37. Kh2 Qc2 38. Qc8+ Kh7 39. Ng2 a4 40.
Qc7 f6 41. Qc8 h5 42. e4 dxe4 43. Qf5+ Kg8 44. Qc8+ Kf7 45. Qd7+ Kf8 46. Qd8+
Kf7 47. Qd7+ Kf8 48. Qd8+ Kf7 1/2-1/2

[Event "2. Bundesliga Ost 2012/2013"]
[Site "6.+7.10., 17.+18.11., 1.12., 2.+3.2., 9.+10.3., 6.
[Date "2013.02.03"]
[Round "7"]
[Board "5"]
[White "Kammerer, Roman"]
[Black "Kleiser, Gregor"]
[Result "0-1"]
[WhiteElo "2079"]
[BlackElo "2286"]
[PlyCount "84"]
[EventDate "2012.10.06"]
[EventType "team"]
[EventRounds "11"]
[EventCountry "AUT"]
[WhiteTeam "ASVOe VHS Poechlarn"]
[BlackTeam "tschaturanga"]

1. e4 c5 2. Nc3 Nc6 3. g3 g6 4. Bg2 Bg7 5. Nge2 Rb8 6. a4 d6 7. O-O Nf6 8. d4
cxd4 9. Nxd4 O-O 10. Nxc6 bxc6 11. e5 Nd5 12. Nxd5 cxd5 13. exd6 e6 14. c3 Qxd6
15. Re1 Ba6 16. Ra3 Rfc8 17. Rb3 Bc4 18. Rxb8 Rxb8 19. a5 Qa6 20. Qa4 Rb5 21.
Bf1 Bxf1 22. Rxf1 Qxa5 23. Qf4 Qb6 24. Be3 Qb8 25. Qa4 Rxb2 26. Bxa7 Qa8 27.
Qa3 Rb7 28. Ra1 Bxc3 29. Qxc3 Rxa7 30. Rb1 Rb7 31. Ra1 Qb8 32. Ra5 Rb1+ 33. Kg2
Qb7 34. Qa3 d4+ 35. Kh3 Qc8 36. Rc5 Qf8 37. Qa5 Rb8 38. Rc7 Rd8 39. Qg5 d3 40.
Qf6 d2 41. Rxf7 Qh6+ 42. Kg2 d1=Q 0-1

[Event "2. Bundesliga Ost 2012/2013"]
[Site "6.+7.10., 17.+18.11., 1.12., 2.+3.2., 9.+10.3., 6.
[Date "2013.02.03"]
[Round "7"]
[Board "6"]
[White "Leitner, Gerald"]
[Black "Gattermayer, Robert"]
[Result "1-0"]
[WhiteElo "2206"]
[BlackElo "2004"]
[PlyCount "111"]
[EventDate "2012.10.06"]
[EventType "team"]
[EventRounds "11"]
[EventCountry "AUT"]
[WhiteTeam "tschaturanga"]
[BlackTeam "ASVOe VHS Poechlarn"]

1. c4 e5 2. g3 f5 3. Bg2 Nf6 4. Nc3 d6 5. e3 c6 6. d4 Be7 7. Nge2 O-O 8. O-O
Kh8 9. b4 Nbd7 10. Qc2 Nb6 11. c5 Nbd5 12. cxd6 Bxd6 13. dxe5 Bxe5 14. Rb1 Qe7
15. b5 Bd7 16. Nxd5 cxd5 17. Rd1 Be6 18. Nd4 Ne4 19. Qb3 Rfd8 20. Ba3 Qf7 21.
Rbc1 Rac8 22. Nxe6 Qxe6 23. Rxc8 Qxc8 24. Rxd5 Bf6 25. Rxd8+ Qxd8 26. Bb4 h6
27. a4 b6 28. Qc2 Qd5 29. h3 Qe5 30. g4 Bh4 31. Qc8+ Kh7 32. Bxe4 Qa1+ 33. Kg2
fxe4 34. Qf5+ Kg8 35. Qf8+ Kh7 36. Qf5+ Kg8 37. Qxe4 Qxa4 38. Qd5+ Kh7 39. Bc3
Qc2 40. Qf5+ Qxf5 41. gxf5 Bd8 42. Be5 Kg8 43. Kf3 Kf7 44. Ke4 g6 45. fxg6+
Kxg6 46. Kd5 Kg5 47. Bg3 Be7 48. e4 Bc5 49. Ke6 h5 50. f4+ Kg6 51. Bh4 Kg7 52.
Bf6+ Kf8 53. f5 Ke8 54. Bg7 a5 55. bxa6 b5 56. f6 1-0

[Event "2. Bundesliga Ost 2012/2013"]
[Site "6.+7.10., 17.+18.11., 1.12., 2.+3.2., 9.+10.3., 6.
[Date "2013.03.09"]
[Round "8"]
[Board "1"]
[White "Papp, Gabor"]
[Black "Baumegger, Siegfried"]
[Result "1/2-1/2"]
[WhiteElo "2571"]
[BlackElo "2462"]
[PlyCount "113"]
[EventDate "2012.10.06"]
[EventType "team"]
[EventRounds "11"]
[EventCountry "AUT"]
[WhiteTeam "ASVOE Mattersburg"]
[BlackTeam "tschaturanga"]

1. e4 c5 2. c3 d5 3. exd5 Qxd5 4. d4 Nf6 5. Nf3 e6 6. Na3 Nc6 7. Be2 Qd8 8. O-O
cxd4 9. Nb5 a6 10. Nbxd4 Nxd4 11. Qxd4 Qxd4 12. Nxd4 Bd7 13. Bf3 O-O-O 14. Bf4
Bc5 15. Rac1 Rhe8 16. Be5 Bb6 17. Rfe1 Bc7 18. g3 Bxe5 19. Rxe5 Kc7 20. b4 g6
21. Rce1 Kb8 22. Rb1 Re7 23. b5 axb5 24. a4 Rc8 25. Nxb5 Bc6 26. Re3 Nd5 27.
Bxd5 Bxd5 28. f4 Rc6 29. Rb4 Re8 30. Kf2 Rec8 31. Ke2 Bc4+ 32. Kd2 Bxb5 33.
axb5 Rd6+ 34. Rd3 Rcd8 35. Rxd6 Rxd6+ 36. Ke3 Kc7 37. Rd4 f6 38. Rc4+ Kd7 39.
Ra4 Rd1 40. Ra8 Rh1 41. h4 Rg1 42. Kf2 Rc1 43. Rh8 h5 44. Rh7+ Kd6 45. Rxb7
Rc2+ 46. Kf3 Rxc3+ 47. Kg2 Rc2+ 48. Kh3 Rb2 49. Rf7 f5 50. Rg7 Kd5 51. Rxg6 Rb1
52. Kg2 Rb2+ 53. Kf3 Rb3+ 54. Kg2 Rb2+ 55. Kh3 Rb1 56. Kg2 Rb3 57. Kh3 1/2-1/2

[Event "2. Bundesliga Ost 2012/2013"]
[Site "6.+7.10., 17.+18.11., 1.12., 2.+3.2., 9.+10.3., 6.
[Date "2013.03.09"]
[Round "8"]
[Board "2"]
[White "Srienz, Christian"]
[Black "Fodor, Tamas"]
[Result "1-0"]
[WhiteElo "2323"]
[BlackElo "2503"]
[PlyCount "47"]
[EventDate "2012.10.06"]
[EventType "team"]
[EventRounds "11"]
[EventCountry "AUT"]
[WhiteTeam "tschaturanga"]
[BlackTeam "ASVOE Mattersburg"]

1. c4 Nf6 2. Nc3 e6 3. e4 d5 4. e5 Ne4 5. Nf3 c5 6. cxd5 Nxc3 7. dxc3 exd5 8.
Bg5 Qd7 9. Bd3 Nc6 10. O-O h6 11. e6 Qc7 12. exf7+ Kxf7 13. Re1 hxg5 14. Nxg5+
Kf6 15. Nh7+ Rxh7 16. Qf3+ Kg5 17. Qxd5+ Kf6 18. Qf3+ Kg5 19. Bxh7 Bd6 20. h4+
Kh6 21. Bc2 Ne7 22. Qe3+ Bf4 23. Qxe7 Qxe7 24. Rxe7 1-0

[Event "2. Bundesliga Ost 2012/2013"]
[Site "6.+7.10., 17.+18.11., 1.12., 2.+3.2., 9.+10.3., 6.
[Date "2013.03.09"]
[Round "8"]
[Board "3"]
[White "Petran, Peter"]
[Black "Sadilek, Peter"]
[Result "1/2-1/2"]
[WhiteElo "2277"]
[BlackElo "2248"]
[PlyCount "84"]
[EventDate "2012.10.06"]
[EventType "team"]
[EventRounds "11"]
[EventCountry "AUT"]
[WhiteTeam "ASVOE Mattersburg"]
[BlackTeam "tschaturanga"]

1. c4 Nf6 2. Nc3 c5 3. g3 e6 4. Nf3 b6 5. Bg2 Bb7 6. O-O Be7 7. b3 O-O 8. Bb2
d5 9. cxd5 Nxd5 10. Nxd5 Bxd5 11. d3 Nd7 12. Qc2 Rc8 13. Rfc1 Bf6 14. Bxf6 Qxf6
15. a3 Bxf3 16. Bxf3 Ne5 17. Bg2 Ng4 18. Rf1 h5 19. h3 Nh6 20. Rac1 Nf5 21. e3
Rfd8 22. Rfd1 Nd6 23. Qe2 g6 24. b4 cxb4 25. axb4 Nb5 26. Re1 Rc3 27. d4 Rdc8
28. Rxc3 Nxc3 29. Qd3 Qe7 30. b5 Qb4 31. Bf1 h4 32. gxh4 Qe7 33. Kg2 Nd5 34.
Qe4 Kg7 35. Qe5+ Nf6 36. Be2 Rh8 37. h5 gxh5 38. Rc1 Rh6 39. Rc7 Rg6+ 40. Kh2
Qb4 41. Bxh5 Qe1 42. Bxg6 Qxf2+ 1/2-1/2

[Event "2. Bundesliga Ost 2012/2013"]
[Site "6.+7.10., 17.+18.11., 1.12., 2.+3.2., 9.+10.3., 6.
[Date "2013.03.09"]
[Round "8"]
[Board "4"]
[White "Kleiser, Gregor"]
[Black "Brod, Manfred"]
[Result "1/2-1/2"]
[WhiteElo "2286"]
[BlackElo "2234"]
[PlyCount "99"]
[EventDate "2012.10.06"]
[EventType "team"]
[EventRounds "11"]
[EventCountry "AUT"]
[WhiteTeam "tschaturanga"]
[BlackTeam "ASVOE Mattersburg"]

1. d4 Nf6 2. c4 g6 3. Nc3 d5 4. cxd5 Nxd5 5. e4 Nxc3 6. bxc3 Bg7 7. Nf3 c5 8.
Rb1 b6 9. Be2 Bb7 10. Qd3 Ba6 11. Qe3 cxd4 12. cxd4 Bxe2 13. Qxe2 O-O 14. O-O
Nc6 15. d5 Na5 16. Rd1 Rc8 17. Bf4 Qd7 18. h4 Nc4 19. Rb4 b5 20. a4 a6 21. axb5
axb5 22. e5 Rc5 23. e6 fxe6 24. dxe6 Qa7 25. Be3 Nxe3 26. Qxe3 Qb6 27. Rdb1 Rb8
28. Ng5 Bc3 29. R4b3 Bd4 30. Qe2 Rf5 31. Nf3 Bg7 32. Qd3 Rb7 33. Qe4 Rb8 34.
Qe2 Rb7 35. Rd3 b4 36. Rd7 Rc5 37. Qe4 Rb5 38. Qf4 Bf6 39. Ng5 Rf5 40. Qd2 b3
41. Ne4 Bxh4 42. g3 Bf6 43. g4 Re5 44. Nxf6+ exf6 45. Rd1 Qxe6 46. Rxb7 Qxg4+
47. Kf1 Qh3+ 48. Kg1 Qg4+ 49. Kf1 Qh3+ 50. Kg1 1/2-1/2

[Event "2. Bundesliga Ost 2012/2013"]
[Site "6.+7.10., 17.+18.11., 1.12., 2.+3.2., 9.+10.3., 6.
[Date "2013.03.09"]
[Round "8"]
[Board "5"]
[White "Wiedner, Robert"]
[Black "Leitner, Gerald"]
[Result "1-0"]
[WhiteElo "2133"]
[BlackElo "2206"]
[PlyCount "83"]
[EventDate "2012.10.06"]
[EventType "team"]
[EventRounds "11"]
[EventCountry "AUT"]
[WhiteTeam "ASVOE Mattersburg"]
[BlackTeam "tschaturanga"]

1. Nf3 g6 2. e4 c5 3. c3 Bg7 4. d4 cxd4 5. Nxd4 Nc6 6. Be3 Nf6 7. f3 O-O 8. Be2
e5 9. Nb5 d5 10. Bc5 Re8 11. exd5 Nxd5 12. Nd6 Nf4 13. g3 Ne6 14. Nxe8 Qxe8 15.
Be3 f5 16. Nd2 Kh8 17. Qb3 Nc7 18. O-O Rb8 19. Rfe1 Be6 20. Qa3 Nd5 21. Bf2 Bh6
22. Nc4 b6 23. Bf1 Bg8 24. Kh1 Bf8 25. b4 a5 26. Qb2 axb4 27. cxb4 Bg7 28. b5
e4 29. Qc1 Nd4 30. fxe4 fxe4 31. Bg2 Qf8 32. Bxd4 Bxd4 33. Rxe4 Qg7 34. Rxd4
Qxd4 35. Qe1 Nc3 36. Rc1 Bxc4 37. Rxc3 Bxb5 38. h4 Re8 39. Qc1 Qe5 40. Kh2 Bd7
41. Rc7 Re7 42. Rxd7 1-0

[Event "2. Bundesliga Ost 2012/2013"]
[Site "6.+7.10., 17.+18.11., 1.12., 2.+3.2., 9.+10.3., 6.
[Date "2013.03.09"]
[Round "8"]
[Board "6"]
[White "Neff, Gregor"]
[Black "Salamon, Werner"]
[Result "1-0"]
[WhiteElo "2133"]
[BlackElo "2133"]
[PlyCount "89"]
[EventDate "2012.10.06"]
[EventType "team"]
[EventRounds "11"]
[EventCountry "AUT"]
[WhiteTeam "tschaturanga"]
[BlackTeam "ASVOE Mattersburg"]

1. d4 Nf6 2. Nf3 d5 3. c4 e6 4. g3 Be7 5. Bg2 O-O 6. O-O c5 7. cxd5 exd5 8. Nc3
Nc6 9. Bg5 cxd4 10. Nxd4 h6 11. Be3 Re8 12. Rc1 Bf8 13. h3 Bd7 14. Nxd5 Nxd5
15. Bxd5 Nxd4 16. Qxd4 Bxh3 17. Rfd1 Qa5 18. Bxb7 Rad8 19. Qxa7 Qxa7 20. Bxa7
Rxd1+ 21. Rxd1 Re7 22. Bc5 Rxb7 23. Rd8 Kh7 24. Rxf8 Be6 25. b3 Rc7 26. b4 Bxa2
27. f4 Rd7 28. Kf2 Rd2 29. Re8 Bc4 30. g4 Kg6 31. f5+ Kh7 32. Re4 Bb5 33. Re7
Bc4 34. Kf3 Rc2 35. Bd4 Rc1 36. Kf2 Bd5 37. b5 Rc4 38. Ke3 Rb4 39. b6 Rb3+ 40.
Kf2 Rb4 41. Ke3 Rb3+ 42. Kd2 Rg3 43. Rd7 Bc4 44. b7 Rb3 45. Be5 1-0

[Event "2. Bundesliga Ost 2012/2013"]
[Site "6.+7.10., 17.+18.11., 1.12., 2.+3.2., 9.+10.3., 6.
[Date "2013.03.09"]
[Round "8"]
[Board "1"]
[White "Michalik, Peter"]
[Black "Loeffler, Stefan"]
[Result "1-0"]
[WhiteElo "2508"]
[BlackElo "2410"]
[PlyCount "47"]
[EventDate "2012.10.06"]
[EventType "team"]
[EventRounds "11"]
[EventCountry "AUT"]
[WhiteTeam "ASVOE Pamhagen"]
[BlackTeam "ASVOe VHS Poechlarn"]

1. d4 d5 2. c4 c6 3. Nf3 Nf6 4. e3 Bg4 5. Nc3 e6 6. h3 Bxf3 7. Qxf3 a6 8. g4
Bb4 9. cxd5 cxd5 10. Bd3 Nc6 11. a3 Qa5 12. Bd2 e5 13. g5 exd4 14. exd4 Ne4 15.
Bxe4 dxe4 16. Qxe4+ Kf8 17. O-O Bxc3 18. bxc3 h6 19. Rfe1 Rd8 20. Rab1 Kg8 21.
gxh6 Nxd4 22. h7+ Rxh7 23. Qe8+ Rxe8 24. Rxe8# 1-0

[Event "2. Bundesliga Ost 2012/2013"]
[Site "6.+7.10., 17.+18.11., 1.12., 2.+3.2., 9.+10.3., 6.
[Date "2013.03.09"]
[Round "8"]
[Board "2"]
[White "Kostic, Vladimir"]
[Black "Lipka, Juraj"]
[Result "1/2-1/2"]
[WhiteElo "2417"]
[BlackElo "2441"]
[PlyCount "63"]
[EventDate "2012.10.06"]
[EventType "team"]
[EventRounds "11"]
[EventCountry "AUT"]
[WhiteTeam "ASVOe VHS Poechlarn"]
[BlackTeam "ASVOE Pamhagen"]

1. d4 e6 2. c4 b6 3. Nf3 Bb7 4. g3 Bb4+ 5. Bd2 Bxf3 6. exf3 Bxd2+ 7. Qxd2 d5 8.
Nc3 Ne7 9. cxd5 exd5 10. Bh3 O-O 11. O-O c6 12. b4 a6 13. Rfe1 Nc8 14. a4 Nd6
15. Qf4 Ra7 16. Bf1 Re8 17. b5 Rxe1 18. Rxe1 axb5 19. axb5 Qf6 20. bxc6 Qxf4
21. gxf4 Kf8 22. Nb5 Nxb5 23. Bxb5 Rc7 24. Ba4 Na6 25. Rb1 Re7 26. Rxb6 Nc7 27.
Rb7 f5 28. Bb3 Kf7 29. Rb8 Re8 30. Rb7 Re7 31. Rb8 Re8 32. Rb7 1/2-1/2

[Event "2. Bundesliga Ost 2012/2013"]
[Site "6.+7.10., 17.+18.11., 1.12., 2.+3.2., 9.+10.3., 6.
[Date "2013.03.09"]
[Round "8"]
[Board "3"]
[White "Maslik, Miroslav"]
[Black "Weinzettl, Ernst"]
[Result "1/2-1/2"]
[WhiteElo "2376"]
[BlackElo "2257"]
[PlyCount "110"]
[EventDate "2012.10.06"]
[EventType "team"]
[EventRounds "11"]
[EventCountry "AUT"]
[WhiteTeam "ASVOE Pamhagen"]
[BlackTeam "ASVOe VHS Poechlarn"]

1. d4 Nf6 2. c4 g6 3. Nc3 Bg7 4. e4 d6 5. Nf3 O-O 6. Be2 e5 7. O-O c6 8. Re1
exd4 9. Nxd4 Re8 10. Bf1 Qb6 11. Nb3 Ng4 12. Qc2 a5 13. h3 a4 14. Nxa4 Rxa4 15.
hxg4 Bxg4 16. Be3 Qd8 17. f3 Bc8 18. a3 Qh4 19. Qd2 Be6 20. Rac1 Nd7 21. Nd4
Ne5 22. Nxe6 Rxe6 23. Qf2 Qxf2+ 24. Kxf2 c5 25. Rc3 Re7 26. Rd1 Nc6 27. Rb3 Bd4
28. Rb6 Ra6 29. Rxa6 bxa6 30. b4 f5 31. b5 f4 32. Bxd4 Nxd4 33. Rb1 a5 34. g3
fxg3+ 35. Kxg3 Kg7 36. b6 Rb7 37. f4 a4 38. e5 Nb3 39. Rd1 dxe5 40. fxe5 Rxb6
41. Rd7+ Kf8 42. Rxh7 Nd2 43. Be2 Rb3+ 44. Kf4 Rxa3 45. Ra7 Nb3 46. Bf3 Ra1 47.
Kg5 Rf1 48. Bg4 Nd2 49. Rxa4 Nf3+ 50. Bxf3 Rxf3 51. Kxg6 Ke7 52. Ra5 Ke6 53.
Rxc5 Rg3+ 54. Kh5 Re3 55. Kg4 Rxe5 1/2-1/2

[Event "2. Bundesliga Ost 2012/2013"]
[Site "6.+7.10., 17.+18.11., 1.12., 2.+3.2., 9.+10.3., 6.
[Date "2013.03.09"]
[Round "8"]
[Board "4"]
[White "Wilke, Werner"]
[Black "Vitouch, Anatol"]
[Result "1/2-1/2"]
[WhiteElo "2249"]
[BlackElo "2338"]
[PlyCount "74"]
[EventDate "2012.10.06"]
[EventType "team"]
[EventRounds "11"]
[EventCountry "AUT"]
[WhiteTeam "ASVOe VHS Poechlarn"]
[BlackTeam "ASVOE Pamhagen"]

1. e4 e6 2. d4 d5 3. Nc3 Bb4 4. e5 b6 5. a3 Bf8 6. f4 Ne7 7. Be3 Nf5 8. Bf2 h5
9. Bd3 Ba6 10. Nf3 Bxd3 11. Qxd3 Nc6 12. Nd1 Qd7 13. O-O Be7 14. Ne3 Nxe3 15.
Qxe3 g6 16. Rfd1 Na5 17. Be1 Nc4 18. Qc1 Qb5 19. b3 Na5 20. a4 Qa6 21. Bh4 Bxh4
22. Nxh4 c5 23. dxc5 bxc5 24. Qe3 Qb6 25. Nf3 Nc6 26. Rab1 Rb8 27. Nd2 Nd4 28.
c4 Nf5 29. Qf2 O-O 30. cxd5 exd5 31. h3 Qb4 32. Nf1 d4 33. g4 Ng7 34. Ng3 Qc3
35. Rdc1 Qd3 36. Rd1 Qc3 37. Rdc1 Qd3 1/2-1/2

[Event "2. Bundesliga Ost 2012/2013"]
[Site "6.+7.10., 17.+18.11., 1.12., 2.+3.2., 9.+10.3., 6.
[Date "2013.03.09"]
[Round "8"]
[Board "5"]
[White "Hangweyrer, Manfred"]
[Black "Loidl, Florian"]
[Result "1/2-1/2"]
[WhiteElo "2367"]
[BlackElo "2203"]
[PlyCount "52"]
[EventDate "2012.10.06"]
[EventType "team"]
[EventRounds "11"]
[EventCountry "AUT"]
[WhiteTeam "ASVOE Pamhagen"]
[BlackTeam "ASVOe VHS Poechlarn"]

1. Nf3 Nf6 2. c4 c6 3. d4 d5 4. Nbd2 Bf5 5. Nh4 Bg6 6. Qb3 Qb6 7. Qh3 Nbd7 8.
Nxg6 fxg6 9. e3 O-O-O 10. c5 Qa5 11. a3 Kb8 12. b4 Qa4 13. Bd3 e5 14. dxe5 Nxe5
15. Qg3 Bd6 16. cxd6 Nxd3+ 17. Ke2 Qa6 18. Kd1 Nh5 19. Qh4 Qa4+ 20. Ke2 Qa6 21.
Kd1 g5 22. Qxh5 Nxf2+ 23. Ke1 Nd3+ 24. Kd1 Nf2+ 25. Ke1 Nd3+ 26. Kd1 Nf2+
1/2-1/2